000 00335nam a22001337a 4500
020 _a9789380199795
082 _a660.6
_bMUK/BI
100 _aMukhopadhyay, S.N
245 _aBiotechnology and genetic engineering
260 _aNew Delhi
_bWisdom Press
_c2011
700 _aSharma, Prabhakar
700 _aNarain, Rabindra
942 _cBK
999 _c13991
_d13991